• 首页
  • 本馆介绍
  • 公告通知
  • 最新文献
  • 馆藏检索
  • 电子资源
  • 读者导购
  • 参考咨询
  • 我的图书馆
  • 登录
  • 详细信息显示
  • 放入我的书架
  • 预约/预借图书
  • 作者相关作品
  • 分类相关作品
  • 丛书相关作品
  • 出版社相关作品

书目信息

  • 表格格式
  • 工作单格式
  • 卡片格式
题名:
肺结核病知识
    
 
作者: 李德洪 , 汪钟贤 编
分册:  
出版信息: 上海   上海科学技术出版社  1978
页数: 112页
开本: 19cm
丛书名: 卫生知识丛书
单 册:
中图分类: R521
科图分类:
主题词: 肺结核
电子资源:
ISBN:
000 00668nam2 2200253 45
001 0178000779
005 20060815082300.60
010    @dCNY0.31
091    @a14119.1354
100    @a19950811d1978 em y0chiy0121 ea
101 0  @achi
102    @aCN@b310000
105    @ay z 000yy
200 10 @a肺结核病知识@Afei jie he bing zhi shi@f李德洪,汪钟贤编
210    @a上海@c上海科学技术出版社@d1978
215    @a112页@d19cm
225 2  @a卫生知识丛书
410  0 @120010@a卫生知识丛书
606    @a肺结核
690    @aR521@v3
701  0 @a李德洪@Ali de hong@4编
701  0 @a汪钟贤@Awang zhong xian@4编
801  0 @aCN@bTSSF@c20060815
905    @a10447@dR521@e71
    
    肺结核病知识/李德洪,汪钟贤编.-上海:上海科学技术出版社,1978
    112页;19cm.-(卫生知识丛书)
    
    
    ISBN :CNY0.31
    
●
相关链接 在E读中查询图书 在五车中查询图书 在当当中查询图书 在豆瓣中查询图书


正题名:肺结核病知识     索取号:R521/71         预约/预借

序号 登录号 条形码 馆藏地/架位号 状态 备注
1 0458324   204583245   密集书库/ [索取号:R521/71] 在馆    
2 0458376   204583762   密集书库/ [索取号:R521/71] 在馆    
唐山师范学院图书馆 欢迎您!
大连网信软件有限公司© 版权所有